|
|
|
|
| LEADER |
00000cam a22000004a 4500 |
| 001 |
musev2_49885 |
| 003 |
MdBmJHUP |
| 005 |
20230905045200.0 |
| 006 |
m o d |
| 007 |
cr||||||||nn|n |
| 008 |
170213s2017 xx o 00 0 eng d |
| 020 |
|
|
|a 9780875656427
|
| 020 |
|
|
|z 9780875656335
|
| 035 |
|
|
|a (OCoLC)972593498
|
| 040 |
|
|
|a MdBmJHUP
|c MdBmJHUP
|
| 100 |
1 |
|
|a Cigarroa, Barbara Gonzalez.
|
| 245 |
1 |
2 |
|a A Mexican Dream :
|b and Other Compositions
|
| 264 |
|
1 |
|a [Place of publication not identified] :
|b Texas Christian University Press,
|c 2017.
|
| 264 |
|
3 |
|a Baltimore, Md. :
|b Project MUSE,
|c 2017
|
| 264 |
|
4 |
|c ©2017.
|
| 300 |
|
|
|a 1 online resource (144 pages).
|
| 336 |
|
|
|a text
|b txt
|2 rdacontent
|
| 337 |
|
|
|a computer
|b c
|2 rdamedia
|
| 338 |
|
|
|a online resource
|b cr
|2 rdacarrier
|
| 505 |
0 |
|
|a Acknowledgments; Prelude; Partita; A Mexican Dream; On The Importance of Good Manners; Trackings; Sunday's Comida; Rondo; Border Lines; Crossing Over; Etudes; Jewels; Life Lessons; A Prescription; Bridges; Coda; New Year's Eve; Postlude; Bibliography.
|
| 588 |
|
|
|a Description based on print version record.
|
| 600 |
3 |
7 |
|a Cigarroa family.
|2 fast
|0 (OCoLC)fst01938573
|
| 600 |
1 |
0 |
|a Cigarroa, Barbara Gonzalez
|x Family.
|
| 600 |
1 |
0 |
|a Cigarroa, Joaquin Gonzalez,
|d 1895-1964
|x Family.
|
| 600 |
3 |
0 |
|a Cigarroa family.
|
| 650 |
|
7 |
|a Physicians.
|2 fast
|0 (OCoLC)fst01062841
|
| 650 |
|
7 |
|a Mexican Americans.
|2 fast
|0 (OCoLC)fst01019072
|
| 650 |
|
7 |
|a Families.
|2 fast
|0 (OCoLC)fst01728849
|
| 650 |
|
7 |
|a REFERENCE
|x Genealogy & Heraldry.
|2 bisacsh
|
| 650 |
|
6 |
|a Americains d'origine mexicaine
|z Texas
|z Laredo
|v Biographies.
|
| 650 |
|
6 |
|a Americains d'origine mexicaine
|z Texas
|z Laredo
|v Genealogies.
|
| 650 |
|
6 |
|a Medecins
|z Texas
|z Laredo
|v Genealogies.
|
| 650 |
|
0 |
|a Mexican Americans
|z Texas
|z Laredo
|v Biography.
|
| 650 |
|
0 |
|a Mexican Americans
|z Texas
|z Laredo
|v Genealogy.
|
| 650 |
|
0 |
|a Physicians
|z Texas
|z Laredo
|v Genealogy.
|
| 651 |
|
7 |
|a Texas
|z Laredo.
|2 fast
|0 (OCoLC)fst01217217
|
| 651 |
|
0 |
|a Laredo (Tex.)
|v Genealogy.
|
| 651 |
|
0 |
|a Laredo (Tex.)
|v Biography.
|
| 655 |
|
7 |
|a Genealogy.
|2 fast
|0 (OCoLC)fst01423818
|
| 655 |
|
7 |
|a Biographies.
|2 fast
|0 (OCoLC)fst01919896
|
| 655 |
|
7 |
|a Electronic books.
|2 local
|
| 710 |
2 |
|
|a Project Muse.
|e distributor
|
| 830 |
|
0 |
|a Book collections on Project MUSE.
|
| 856 |
4 |
0 |
|z Texto completo
|u https://projectmuse.uam.elogim.com/book/49885/
|
| 945 |
|
|
|a Project MUSE - Custom Collection
|
| 945 |
|
|
|a Project MUSE - 2017 Complete
|
| 945 |
|
|
|a Project MUSE - 2017 Global Cultural Studies
|
| 945 |
|
|
|a Project MUSE - 2017 Latin American and Caribbean Studies
|